00833nam a2200169 a 4500008004100000050002200041100002300063245018600086260003900272300003500311650003400346650004100380650002600421995007800447999001700525952012100542220224s2019 ||||||||||||||||| || u aCBU-PG THESIS/CHA aChanda E. C. Evans12aA study of the effects of Demographics on Customer adoption and Customer Satisfaction of E-Banking among Clients of Commercial Banks in Chililabombwe DistrictcBy Evans E. C. Chanda aKitwebCopperbelt Universityc2019 axiii, 94 pages : illustrations aCUSTOMER SATISFACTION - BANKS aE - BANKING - CHILILABOMBWE DISTRICT aCUSTOMER SATISFACTION FCBU-MAIN LIBRARY (Kitwe)M1UAVAILABLEWSep 23, 2022ZZambiana Collection c58904d58904 00102lcc4070a001b001cZambiana Collectiond2022-11-30l0oCBU-PG THESIS/CHApB5024r2022-11-30w2022-11-30y002